000 00857nam a2200277 a 4500
001 61296
003 BD-RjUL
005 20211209080938.0
008 170117s1978 enka 001 0 eng
020 _a0070497915
035 _a(BD-RjUL)61420
040 _aDLC
_cDLC
_dBD-RjUL
_beng
041 _aeng
082 0 0 _a658.403
_223
_bPHI 1978
100 1 _aPhilippakis, Andreas S.
_9182813
245 1 0 _aInformation systems through COBOL /
_cAndreas S. Philippakis, Leonard J. Kazmier.
250 _a2d ed.
260 _aNew York :
_bMcGraw-Hill,
_cc1978.
300 _axiii, 606 p. :
_bill. ;
_c24 cm.
500 _aIncludes index.
650 0 _aManagement information systems.
_9182156
650 0 _aCOBOL (Computer program language)
_9182814
700 1 _aKazmier, Leonard J.,
_ejoint author.
_9182815
942 _2ddc
_cBK
999 _c61296
_d61296